Euroleague Teams by Badge - Statistics

General Stats
  • This quiz has been taken 238 times
  • The average score is 14 of 18
Answer Stats
Picture Answer % Correct
Anadolu Efes
90%
Barcelona
90%
Alba Berlin
89%
Bayern Munich
89%
Olympiacos
85%
Real Madrid
85%
Crvena Zvezda
84%
Fenerbahçe
82%
Partizan
79%
Baskonia
78%
Zalgiris
78%
Monaco Basket
77%
Panathinaikos
77%
Paris Basketball
75%
Virtus Bologna
74%
Olimpia Milano
71%
Maccabi Tel-Aviv
66%
ASVEL Villeurbanne
37%
No matching quizzes found
Score Distribution
Percent of People with Each Score
Percentile by Number Answered
Your Score History
You have not taken this quiz